000 003970000a22001690004500
003 MACL
005 20151025145311.0
008 151025b xxu||||| |||| 00| 0 eng d
040 _aMACL
_cMACL
041 _aEnglish
082 _a934
100 _aGghurye, G.S.
_916747
245 _aVedic India
260 _bPopular Praskashan
_c1979
_aBombay
650 _aHistory
_916748
942 _cBK
_k934
_2ddc
999 _c7922
_d7922